Responses for Show #5836 - Monday, January 18, 2010

Jason Zollinger game 5.

Contestants

[<< previous game]

Fideleon Damian, a Ph.D. student in history originally from San Francisco, California

Kathy Braue, an accountant from New London, Connecticut

Jason Zollinger, an engine assembler from South Dayton, New York (whose 4-day cash winnings total $86,404)

[next game >>]

Jeopardy! Round responses

TO SIR, WITH LOVE
CHARACTERS IN BROADWAY MUSICALS
(Alex: You identify the musical, of course.)
NAME DROPPING AT THE MALL
THE KITCHEN ZINC
SIDEKICKS
IT'S ALL ABOUT "U"
    $200 1
Guinevere

Jason
    $200 3
The Lion King

Kathy
    $200 20
Evelyn

Kathy
    $200 8
oysters

Kathy
    $200 10
(Dr.) Watson

Jason
    $200 15
uncle

Kathy
    $400 2
Shea Stadium

Kathy
    $400 4
West Side Story

Jason
    $400 21
Armani

Fideleon
    $400 9
pumpkin seeds

Jason
    $400 11
Hobbes

Kathy
    $400 16
udders

Kathy
    $600 5
prime minister

Jason
    $600 28
Guys and Dolls

Kathy
    $600 27
Tommy

Kathy
    $600 23
Raisin Bran

Jason
    $600 12
(Jason: Who is Long John Silver?)

Captain Hook

JasonFideleon
    $600 17
undertaker

Kathy
    $800 6
Royal Air Force

Fideleon
    $800 29
The Producers

Jason
    $800 26
(Kathy: What is Ann Taylor?)

Max

Kathy
Triple Stumper
    $800 24
mozzarella

Kathy
    $800 14
Sancho Panza

Jason
    $1,000 18
utopia

Kathy
    $1000 7
the Victoria Cross

Jason
    $1000 30
Show Boat

Triple Stumper
    $1000 22
Martin

Triple Stumper
    $1000 25
chickpeas

Fideleon
    $1000 13
Felix Leiter

Triple Stumper
    $1000 19
über

Kathy

Scores at the first commercial break (after clue 15):

Jason Kathy Fideleon
$3,000 $1,400 $1,400

Scores at the end of the Jeopardy! Round:

Jason Kathy Fideleon
$4,400 $5,800 $2,800

Double Jeopardy! Round responses

"G"EOGRAPHY
SHADES OF PURPLE
ONE OF THESE KINGS IS NOT LIKE THE OTHERS
(Alex: ...because he rules a country that is different from the other two.)
TECH TIPS
SPORTS RIVALRIES
JUST SAY THE WORD
    $400 5
Guam

Jason
    $400 2
Professor Plum

Fideleon
    $400 4
(Kathy: Who is Richard III?)
...
(Alex: Yes, he was the French king, the other two were English kings.)

Louis XIV

JasonKathy
    $400 16
the lens

Jason
    $400 11
the Dodgers & Angels

Jason
    $400 22
thumb

Jason
    $800 6
the Ganges

Jason
    $800 25
Violet

Kathy
    $800 3
(Alex: Yes, he was Prussian.)

Frederick the Great

Kathy
    $800 17
a driver

Jason
    $800 12
Florida

Jason
    $800 23
a signet/cygnet

Fideleon
    $1200 7
Genoa

Fideleon
    $1200 24
amethyst

Kathy
    $1200 1
(Alex: Yes, the other two were Swedish kings.)

Edward I

Kathy
    $1200 18
resolution

Fideleon
    $1200 13
Scotland

Jason
    $2,400 27
a telenovela

Jason
    $1600 19
Georgia

Jason
    $1600 26
lilacs

Jason
    $1600 10
(Alex: He was Russian, the others were Prussian, yes.)

Nicholas II

Jason
    $1600 20
(Fideleon: What is TiVo?)

Slingbox

Fideleon
Triple Stumper
    $1600 14
Boston College

Triple Stumper
    $1600 28
pristine

Fideleon
    $2000 9
Gambia

Fideleon
    $2000 30
aubergine

Kathy
    $2000 8
(Alex: Yes. He was French.)

Carloman II

Fideleon
    $2,200 21
(Jason: What is Eloi?)

Time Machine

Jason
    $2000 15
Duke

Jason
    $2000 29
hone

Kathy

Scores at the end of the Double Jeopardy! Round:

Jason Kathy Fideleon
$17,000 $13,400 $10,400

[wagering suggestions for these scores]

Final Jeopardy! Round responses

EARLY MAN
(Alex: Personally, I believe it's much more than a theory.)
FideleonWhat is Great Migration
$10,400
KathyWhat is ?
$7,402
JasonWhat is Out Of Africa?
$9,801
Out of Africa

Final scores:

Jason Kathy Fideleon
$26,801 $5,998 $0
5-day champion: $113,205 2nd place: $2,000 3rd place: $1,000

Game dynamics:

Coryat scores:

Jason Kathy Fideleon
$18,000 $13,200 $10,400
23 R
(including 1 DD),
2 W
(including 1 DD)
19 R
(including 1 DD),
2 W
11 R,
1 W

Combined Coryat: $41,600

[game clues] [game scores] [suggest correction]

Game tape date: 2009-12-01
The J! Archive is created by fans, for fans. Scraping, republication, monetization, and malicious use prohibited; this site may use cookies and collect identifying information. See terms. The Jeopardy! game show and all elements thereof, including but not limited to copyright and trademark thereto, are the property of Jeopardy Productions, Inc. and are protected under law. This website is not affiliated with, sponsored by, or operated by Jeopardy Productions, Inc. Join the discussion at JBoard.tv.